Countries of North America by area with a map (Whammies) - Statistics

General Stats
  • This quiz has been taken 17 times
  • The average score is 10 of 23
Answers on the Map
Answers color-coded by a green-red scale on the quiz's map according to % correct below.
 
Answer Stats
Km2 Answer % Correct
9,984,670 Canada
82%
1,964,375 Mexico
82%
9,518,644 United States
82%
130,373 NIcaragua
73%
109,884 Cuba
64%
112,492 Honduras
64%
108,889 Guatemala
55%
261 St Kitts and Nevis
55%
51,180 Costa Rica
45%
75,320 Panama
45%
48,671 Dominican Republic
36%
345 Grenada
36%
13,940 Bahamas
27%
22,965 Belize
27%
21,041 El Salvador
27%
27,750 Haiti
27%
10,991 Jamaica
27%
5,127 Trinidad and Tobago
27%
431 Barbados
18%
750 Dominica
18%
616 St Lucia
18%
442 Antigua and Barbuda
9%
389 St Vincent and the Grenadines
9%
No matching quizzes found
Score Distribution
Percent of People with Each Score
Percentile by Number Answered
Your Score History
You have not taken this quiz